000 00444 a2200157 4500
999 _c320998
_d320998
001 85925
003 NUST
005 20180121180945.0
008 180121b xxu||||| |||| 00| 0 eng d
020 _a0813310474
082 _a951.058 CHE
100 _aZhuyuan Zheng
_99398
245 _aBehind the Tiananmen Massacre : social, political, and economic ferment in China
_hEnglish
250 _a1st
260 _aBoulder
_bWestview Press
_c1990
300 _axii, 256 p.
500 _aGifted By AM Masood Akhtar
942 _acaenust
_cBK
_k951.058 CHE
_2ddc